Economía, derecho, historia : conceptos y realidades / Pierre Vilar ; traducción de Nuria Lago J. e Ignacio Hierro conceptos y realidades / Pierre Vilar ; traducción de Nuria Lago J. e Ignacio Hierro
Descripción Física:
228 p. ; 21 cm
Colección:
Ariel historia
MARC
| LEADER | 00000nam a2200000Ia 4500 | ||
|---|---|---|---|
| 001 | 1677 | ||
| 008 | 160829s1983 xx 000 0 cat d | ||
| 080 | |a H-1-163 | ||
| 100 | 1 | |a Vilar, Pierre, |d 1906-2003 |9 24179 | |
| 245 | |a Economía, derecho, historia : |b conceptos y realidades / Pierre Vilar ; traducción de Nuria Lago J. e Ignacio Hierro | ||
| 260 | |a Barcelona : |b Ariel, |c 1983 | ||
| 300 | |a 228 p. ; |c 21 cm | ||
| 490 | |a Ariel historia | ||
| 650 | |a Història |x Metodologia |9 28049 | ||
| 650 | |a Història econòmica |9 36518 | ||
| 700 | 1 | |a Lago J., Nuria |9 28051 | |
| 700 | 1 | |a Hierro, Ignacio |9 28048 | |
| 901 | |a Arxiu | ||
| 942 | |n 1 | ||
| 952 | |0 0 |1 0 |4 0 |6 H1163 |7 1 |9 44646 |a Arxiu |b Arxiu |d 2016-12-01 |l 0 |o H-1-163 |p 1677 |r 2016-12-01 00:00:00 |w 2016-12-01 |y ARXIU | ||
| 999 | |c 47227 |d 47227 | ||